[Event "TUR-chT 1st League"]
[Site "Konya"]
[Date "2022.08.28"]
[Round "9.8"]
[White "Aytekin, Murat Eren"]
[Black "Kaasen, Tor Fredrik"]
[Result "1/2-1/2"]
[WhiteElo "2180"]
[BlackElo "2453"]
[PlyCount "82"]
[EventDate "2022.08.22"]
[EventType "team-swiss"]
[EventRounds "9"]
[EventCountry "TUR"]
[SourceTitle "CBM 209 Extra"]
[Source "ChessBase"]
[SourceDate "2022.09.30"]
[SourceVersion "1"]
[SourceVersionDate "2022.09.30"]
[SourceQuality "1"]
[WhiteTeam "Bulancak Ihsaniye Genclik"]
[BlackTeam "Denizli Metin Surmeli"]
[WhiteTeamCountry "TUR"]
[BlackTeamCountry "TUR"]

1. d4 Nf6 2. c4 g6 3. Nc3 Bg7 4. e4 d6 5. Bd3 0-0 6. Nge2 Nc6 7. 0-0 Nd7 8. Bc2 e5 9. d5 Nd4 10. Nxd4 exd4 11. Ne2 Ne5 12. Nxd4 Nxc4 13. Rb1 Bd7 14. b3 Ne5 15. h3 c5 16. dxc6 Nxc6 17. Nxc6 Bxc6 18. Ba3 Re8 19. Qxd6 Qh4 20. Bb2 Red8 21. Qb4 a5 22. Qc5 Bxb2 23. Rxb2 Rd2 24. Rbb1 Bxe4 25. Bxe4 Qxe4 26. Rbe1 Qf4 27. Re7 Rxa2 28. Rxb7 Rd8 29. Ra7 Qd2 30. Qc7 Rf8 31. Qc4 Rb2 32. Qb5 Qc3 33. Qxa5 Qxb3 34. Ra8 Rxa8 35. Qxa8+ Qb8 36. Qxb8+ Rxb8 37. Ra1 Kg7 38. h4 h5 39. g3 Rb2 40. Ra6 Rc2 41. Rb6 Rd2 1/2-1/2

[Event "TUR-chT 1st League"]
[Site "Konya"]
[Date "2019.07.27"]
[Round "8.2"]
[White "Aytekin, Murat Eren"]
[Black "Yilmaz, Goktan"]
[Result "0-1"]
[WhiteElo "2178"]
[BlackElo "2212"]
[PlyCount "82"]
[EventDate "2019.07.22"]
[EventType "team-swiss"]
[EventRounds "9"]
[EventCountry "TUR"]
[SourceTitle "CBM 191 Extra"]
[Source "ChessBase"]
[SourceDate "2019.09.30"]
[SourceVersion "1"]
[SourceVersionDate "2019.09.30"]
[SourceQuality "1"]
[WhiteTeam "Bulancak Ihsaniye Genclik"]
[BlackTeam "Gokyay Vakfi"]
[WhiteTeamCountry "TUR"]
[BlackTeamCountry "TUR"]

1. d4 d5 2. c4 e6 3. Nc3 a6 4. cxd5 exd5 5. Bf4 c6 6. e3 Bd6 7. Bxd6 Qxd6 8. Bd3 Ne7 9. Qc2 g6 10. h4 Bf5 11. Bxf5 Nxf5 12. h5 Nd7 13. hxg6 fxg6 14. 0-0-0 0-0-0 15. Nf3 Kb8 16. Rh3 h5 17. Ne2 Qf6 18. Nf4 h4 19. Nh2 Rde8 20. Kb1 Re4 21. Nd3 g5 22. Nf3 g4 23. Nfe5 Nxe5 24. Nxe5 Qe6 25. Rhh1 Rg8 26. Rde1 g3 27. Nf3 gxf2 28. Qxf2 Rxe3 29. Rxe3 Nxe3 30. Ne5 Qf5+ 31. Qxf5 Nxf5 32. Rh2 Kc7 33. Kc2 Rxg2+ 34. Rxg2 Ne3+ 35. Kd3 Nxg2 36. Ke2 Nf4+ 37. Ke3 Ne6 38. Nf3 h3 39. Kf2 Kb6 40. b3 Kb5 41. a3 a5 0-1

[Event "TUR-chT 1st League"]
[Site "Konya"]
[Date "2019.07.26"]
[Round "7.4"]
[White "Aytekin, Murat Eren"]
[Black "Demirelli, Ilyas Doguhan"]
[Result "1-0"]
[WhiteElo "2178"]
[BlackElo "1888"]
[PlyCount "57"]
[EventDate "2019.07.22"]
[EventType "team-swiss"]
[EventRounds "9"]
[EventCountry "TUR"]
[SourceTitle "CBM 191 Extra"]
[Source "ChessBase"]
[SourceDate "2019.09.30"]
[SourceVersion "1"]
[SourceVersionDate "2019.09.30"]
[SourceQuality "1"]
[WhiteTeam "Bulancak Ihsaniye Genclik"]
[BlackTeam "Pamukkale Universiteli"]
[WhiteTeamCountry "TUR"]
[BlackTeamCountry "TUR"]

1. d4 Nf6 2. c4 e6 3. Nf3 d5 4. Nc3 c6 5. e3 Bd6 6. Bd3 Nbd7 7. e4 dxe4 8. Nxe4 Nxe4 9. Bxe4 Nf6 10. Bc2 Bb4+ 11. Bd2 Bxd2+ 12. Qxd2 0-0 13. 0-0-0 b6 14. Qd3 Bb7 15. Ng5 g6 16. h4 c5 17. d5 exd5 18. cxd5 Qd6 19. Kb1 Rae8 20. h5 Qe5 21. Nxh7 Kxh7 22. hxg6+ Kg7 23. gxf7 Rxf7 24. Qg6+ Kf8 25. Rh8+ Ke7 26. d6+ Qxd6 27. Rxd6 Rxh8 28. Rd1 Rfh7 29. Re1+ 1-0

[Event "TUR-chT 1st League"]
[Site "Konya"]
[Date "2019.07.23"]
[Round "2.1"]
[White "Gokerkan, Cem Kaan"]
[Black "Aytekin, Murat Eren"]
[Result "1-0"]
[WhiteElo "2415"]
[BlackElo "2178"]
[PlyCount "87"]
[EventDate "2019.07.22"]
[EventType "team-swiss"]
[EventRounds "9"]
[EventCountry "TUR"]
[SourceTitle "CBM 191 Extra"]
[Source "ChessBase"]
[SourceDate "2019.09.30"]
[SourceVersion "1"]
[SourceVersionDate "2019.09.30"]
[SourceQuality "1"]
[WhiteTeam "Bayegan Pendik"]
[BlackTeam "Bulancak Ihsaniye Genclik"]
[WhiteTeamCountry "TUR"]
[BlackTeamCountry "TUR"]

1. e4 g6 2. d4 Bg7 3. Nc3 d6 4. f4 Nc6 5. Be3 Nf6 6. Nf3 0-0 7. d5 Nb8 8. Be2 e6 9. dxe6 Bxe6 10. Nd4 Bc8 11. 0-0 Re8 12. Bf3 Nbd7 13. Re1 a6 14. Nb3 Nf8 15. h3 Rb8 16. Ba7 Ra8 17. Bf2 Ne6 18. Qd2 Bh6 19. Be3 Nd7 20. g3 Rb8 21. Rad1 g5 22. Kh2 gxf4 23. gxf4 Qh4 24. Rg1+ Kh8 25. Rg4 Qd8 26. Rdg1 Nf6 27. R4g3 Ng7 28. Qg2 Ngh5 29. Rg5 Bxg5 30. fxg5 Rg8 31. Qf2 Qd7 32. Qh4 Qe6 33. Bxh5 Nxh5 34. Qxh5 c5 35. Rf1 Rg7 36. Rf6 Qe8 37. Bf4 b5 38. Nxc5 b4 39. Nd5 dxc5 40. Bxb8 Qxe4 41. Qf3 Qxc2+ 42. Qf2 Qd3 43. Nf4 Qe4 44. Qe2 1-0

[Event "TUR Cup"]
[Site "Antalya"]
[Date "2019.01.31"]
[Round "7"]
[White "Dogan, Nazmi Can"]
[Black "Aytekin, Murat Eren"]
[Result "0-1"]
[WhiteElo "2244"]
[BlackElo "2163"]
[PlyCount "54"]
[EventDate "2019.01.27"]
[EventType "swiss"]
[EventRounds "11"]
[EventCountry "TUR"]
[SourceTitle "CBM 188 Extra"]
[Source "ChessBase"]
[SourceDate "2019.02.26"]
[SourceVersion "1"]
[SourceVersionDate "2019.02.26"]
[SourceQuality "1"]

1. e4 g6 2. d4 Bg7 3. Nc3 d6 4. Nge2 Nd7 5. g3 Rb8 6. a4 c5 7. Bg2 b6 8. 0-0 Bb7 9. h3 Ngf6 10. d5 0-0 11. Be3 a6 12. Qc1 Re8 13. Bh6 Bh8 14. g4 e6 15. Ng3 exd5 16. exd5 Ne5 17. b3 b5 18. axb5 axb5 19. Bg5 Qb6 20. Qd2 b4 21. Na4 Qc7 22. Rad1 Ba6 23. Rfe1 c4 24. f4 c3 25. Qd4 Nexg4 26. Bxf6 Rxe1+ 27. Rxe1 Bxf6 0-1

[Event "TUR Cup"]
[Site "Antalya"]
[Date "2019.01.30"]
[Round "5"]
[White "Gallevci, Yagiz"]
[Black "Aytekin, Murat Eren"]
[Result "0-1"]
[WhiteElo "2034"]
[BlackElo "2163"]
[PlyCount "72"]
[EventDate "2019.01.27"]
[EventType "swiss"]
[EventRounds "11"]
[EventCountry "TUR"]
[SourceTitle "CBM 188 Extra"]
[Source "ChessBase"]
[SourceDate "2019.02.26"]
[SourceVersion "1"]
[SourceVersionDate "2019.02.26"]
[SourceQuality "1"]

1. e4 g6 2. d4 Bg7 3. c3 d6 4. Nf3 Nf6 5. Bd3 0-0 6. 0-0 Nc6 7. Bg5 h6 8. Bh4 e5 9. d5 Ne7 10. Bg3 Nh7 11. Ne1 f5 12. exf5 gxf5 13. f4 e4 14. Be2 c6 15. dxc6 bxc6 16. Qb3+ Kh8 17. Na3 d5 18. Nac2 Qd6 19. Nd4 Rb8 20. Qc2 c5 21. Nb5 Qb6 22. Rb1 d4 23. Bc4 Be6 24. Bxe6 Qxe6 25. c4 a6 26. Na3 Rfd8 27. Qd2 Nc6 28. b3 Nb4 29. Rd1 Rd7 30. Rf2 e3 31. Re2 exd2 32. Rxe6 dxe1Q+ 33. Bxe1 Nf8 34. Re2 d3 35. Red2 Bc3 36. Rxd3 Rxd3 0-1

[Event "TUR Cup"]
[Site "Antalya"]
[Date "2019.01.27"]
[Round "1"]
[White "Asikoglu, Engin Can"]
[Black "Aytekin, Murat Eren"]
[Result "0-1"]
[WhiteElo "1502"]
[BlackElo "2163"]
[PlyCount "74"]
[EventDate "2019.01.27"]
[EventType "swiss"]
[EventRounds "11"]
[EventCountry "TUR"]
[SourceTitle "CBM 188 Extra"]
[Source "ChessBase"]
[SourceDate "2019.02.26"]
[SourceVersion "1"]
[SourceVersionDate "2019.02.26"]
[SourceQuality "1"]

1. d4 g6 2. Bf4 Bg7 3. e3 d6 4. Nf3 Nd7 5. h3 e5 6. Bh2 Nh6 7. Be2 0-0 8. 0-0 e4 9. Nfd2 f5 10. c4 Nf6 11. Nc3 Qe7 12. b4 g5 13. c5 d5 14. Qb3 Be6 15. Be5 Rad8 16. Nb5 Ne8 17. Bxg7 Nxg7 18. Nxa7 g4 19. hxg4 fxg4 20. g3 Nf7 21. Kg2 Ng5 22. Rh1 Nh3 23. Raf1 Rf7 24. Qd1 h5 25. Rh2 Rdf8 26. Qe1 Nxf2 27. Kg1 Nh3+ 28. Kh1 Nf5 29. Rxh3 gxh3 30. Bxh5 Rg7 31. g4 Nh6 32. Rxf8+ Qxf8 33. Qf1 Qxf1+ 34. Nxf1 Bxg4 35. Bxg4 Nxg4 36. Ng3 Rf7 37. Nb5 Rf3 0-1

[Event "TUR-chT 1st League"]
[Site "Konya"]
[Date "2018.07.16"]
[Round "1.10"]
[White "Aytekin, Murat Eren"]
[Black "Akdag, Omer Amir"]
[Result "1-0"]
[WhiteElo "2080"]
[BlackElo "1735"]
[PlyCount "115"]
[EventDate "2018.07.16"]
[EventType "team-swiss"]
[EventRounds "9"]
[EventCountry "TUR"]
[SourceTitle "EXT 2019"]
[Source "ChessBase"]
[SourceDate "2018.10.10"]
[SourceVersion "1"]
[SourceVersionDate "2018.10.10"]
[SourceQuality "1"]
[WhiteTeam "Bulancak Ihsaniye Genclik"]
[BlackTeam "Kahramanmaras CC"]
[WhiteTeamCountry "TUR"]
[BlackTeamCountry "TUR"]

1. d4 Nf6 2. c4 g6 3. Nc3 Bg7 4. e4 d6 5. f3 0-0 6. Be3 Nc6 7. Nge2 a6 8. Qd2 Na5 9. Nc1 Nd7 10. Be2 c5 11. d5 Ne5 12. b3 Bd7 13. f4 Ng4 14. Bxg4 Bxg4 15. Rb1 Bd7 16. 0-0 b5 17. Qd3 Rb8 18. N1e2 bxc4 19. bxc4 Qc7 20. Bd2 Rxb1 21. Rxb1 Rb8 22. Rxb8+ Qxb8 23. Nd1 Qb6 24. Ne3 Nb7 25. Qb3 Qxb3 26. axb3 Kf8 27. Kf2 e5 28. g3 h5 29. Ng1 a5 30. Nf3 exf4 31. gxf4 a4 32. bxa4 Bxa4 33. Ke2 Bh6 34. Ng2 f6 35. Kd3 Ke7 36. Nfh4 Be8 37. Bc3 Bf7 38. Ke3 Be8 39. Kf3 Kf7 40. Bd2 Bd7 41. Ke3 Be8 42. Kd3 Ke7 43. Nf3 Ba4 44. Nfh4 Be8 45. Be1 Bf7 46. Bc3 Be8 47. Nf3 Bd7 48. Ngh4 Kf7 49. e5 fxe5 50. fxe5 dxe5 51. Nxe5+ Ke8 52. Nxd7 Kxd7 53. Nxg6 Nd6 54. Bf6 Bc1 55. Nf8+ Ke8 56. Ne6 Kf7 57. Bh4 Nb7 58. Bf2 1-0

[Event "Ordu op 4th"]
[Site "Ordu"]
[Date "2018.04.12"]
[Round "4"]
[White "Karacay, Aybar"]
[Black "Aytekin, Murat Eren"]
[Result "0-1"]
[WhiteElo "1821"]
[BlackElo "2139"]
[PlyCount "88"]
[EventDate "2018.04.10"]
[EventType "swiss"]
[EventRounds "9"]
[EventCountry "TUR"]
[SourceTitle "CBM 183 Extra"]
[Source "ChessBase"]
[SourceDate "2018.04.19"]
[SourceVersion "1"]
[SourceVersionDate "2018.04.19"]
[SourceQuality "1"]

1. d4 Nf6 2. c4 c5 3. d5 e6 4. Nc3 exd5 5. cxd5 d6 6. e4 g6 7. Nf3 a6 8. a4 Bg4 9. Be2 Bg7 10. h3 Bxf3 11. Bxf3 0-0 12. 0-0 Nbd7 13. Bf4 Ne8 14. g3 Ne5 15. Bg2 Nc7 16. Bxe5 Bxe5 17. Qb3 b5 18. axb5 axb5 19. f4 Bd4+ 20. Kh2 Rb8 21. Ne2 Bg7 22. g4 h6 23. Qc2 c4 24. Qd2 Qf6 25. Rfb1 Rfc8 26. Ng1 Qd4 27. Qc2 Ne8 28. Nf3 Qe3 29. f5 g5 30. Ra3 Qf4+ 31. Kh1 b4 32. Ra4 b3 33. Qe2 c3 34. bxc3 Rxc3 35. Rc4 b2 36. Rxc3 Bxc3 37. Qc2 Qe3 38. Ng1 Nf6 39. Ne2 Be5 40. Qc4 Ra8 41. Qc2 Ra1 42. Rf1 Rxf1+ 43. Bxf1 Qxe4+ 44. Qxe4 Nxe4 0-1

[Event "Izmir op 16th"]
[Site "Izmir"]
[Date "2017.09.10"]
[Round "9"]
[White "Shanava, Konstantine"]
[Black "Aytekin, Murat Eren"]
[Result "1-0"]
[WhiteElo "2504"]
[BlackElo "2144"]
[PlyCount "61"]
[EventDate "2017.09.05"]
[EventType "swiss"]
[EventRounds "9"]
[EventCountry "TUR"]
[SourceTitle "CBM 180 Extra"]
[Source "ChessBase"]
[SourceDate "2017.10.06"]
[SourceVersion "1"]
[SourceVersionDate "2017.10.06"]
[SourceQuality "1"]

1. e4 c5 2. Nc3 a6 3. Nf3 e6 4. d4 cxd4 5. Nxd4 Qc7 6. Bd3 Nf6 7. f4 d6 8. 0-0 b5 9. Qe2 Bb7 10. Kh1 Nbd7 11. a3 Be7 12. Bd2 0-0 13. Rae1 Rfd8 14. Qf3 Nc5 15. Qh3 Nxd3 16. cxd3 Bf8 17. Nf3 Rac8 18. f5 exf5 19. Bg5 Be7 20. Nd4 Ne8 21. Bxe7 Qxe7 22. Nxf5 Qf8 23. Re3 Rc7 24. Qh4 Rdc8 25. Rh3 h6 26. Nxg7 Nxg7 27. Qxh6 f6 28. Rxf6 Qxf6 29. Qxf6 Rf7 30. Rh8+ Kxh8 31. Qxf7 1-0

[Event "Izmir op 16th"]
[Site "Izmir"]
[Date "2017.09.09"]
[Round "8"]
[White "Aytekin, Murat Eren"]
[Black "Altun, Arda"]
[Result "1-0"]
[WhiteElo "2144"]
[BlackElo "1968"]
[PlyCount "53"]
[EventDate "2017.09.05"]
[EventType "swiss"]
[EventRounds "9"]
[EventCountry "TUR"]
[SourceTitle "CBM 180 Extra"]
[Source "ChessBase"]
[SourceDate "2017.10.06"]
[SourceVersion "1"]
[SourceVersionDate "2017.10.06"]
[SourceQuality "1"]

1. d4 Nf6 2. c4 e6 3. Nf3 b6 4. g3 Bb7 5. Bg2 Be7 6. 0-0 c5 7. d5 exd5 8. Nh4 d6 9. Nf5 0-0 10. Nc3 Qd7 11. Nxe7+ Qxe7 12. cxd5 Na6 13. e4 Nc7 14. Re1 Rfe8 15. Bf4 Rad8 16. a4 Nd7 17. Qb3 g5 18. Bd2 Ne5 19. Nb5 Nxb5 20. axb5 Bc8 21. f4 gxf4 22. gxf4 Ng6 23. e5 Bf5 24. Qg3 h5 25. exd6 Qf6 26. Bc3 Qxd6 27. Qg5 1-0

[Event "Izmir op 16th"]
[Site "Izmir"]
[Date "2017.09.09"]
[Round "7"]
[White "Ozkan, Taha"]
[Black "Aytekin, Murat Eren"]
[Result "0-1"]
[WhiteElo "1871"]
[BlackElo "2144"]
[PlyCount "116"]
[EventDate "2017.09.05"]
[EventType "swiss"]
[EventRounds "9"]
[EventCountry "TUR"]
[SourceTitle "CBM 180 Extra"]
[Source "ChessBase"]
[SourceDate "2017.10.06"]
[SourceVersion "1"]
[SourceVersionDate "2017.10.06"]
[SourceQuality "1"]

1. d4 Nf6 2. Nf3 c5 3. e3 g6 4. Bd3 Bg7 5. 0-0 0-0 6. b3 b6 7. Bb2 Bb7 8. Nbd2 d6 9. c4 Nbd7 10. Qc2 Rc8 11. d5 b5 12. a4 bxc4 13. bxc4 Ba6 14. Bc3 Qc7 15. Rfb1 Ng4 16. Bxg7 Kxg7 17. Qc3+ Kg8 18. Rb3 Rb8 19. Rab1 Rxb3 20. Rxb3 Rb8 21. Be2 Rxb3 22. Qxb3 Qa5 23. Bd1 Nge5 24. Nxe5 Qxd2 25. Nf3 Qc1 26. Qc2 Qxc2 27. Bxc2 Bxc4 28. e4 Ba6 29. Nd2 Kf8 30. f3 Nb6 31. Kf2 Nc4 32. Nxc4 Bxc4 33. Ke3 Ke8 34. Kd2 Kd7 35. Kc3 Be2 36. Kd2 Bf1 37. g3 Kc7 38. Bd3 Bxd3 39. Kxd3 Kd7 40. Kc4 g5 41. f4 gxf4 42. gxf4 f6 43. e5 fxe5 44. fxe5 Kc7 45. a5 a6 46. e6 Kd8 47. h4 h5 48. Kd3 Ke8 49. Ke3 Kf8 50. Kf4 Kg7 51. Ke3 Kf6 52. Ke4 c4 53. Kd4 Kf5 54. Kxc4 Kg4 55. Kd3 Kxh4 56. Ke2 Kg3 57. Kf1 Kf3 58. Kg1 Ke4 0-1

[Event "Izmir op 16th"]
[Site "Izmir"]
[Date "2017.09.06"]
[Round "2"]
[White "Aytekin, Murat Eren"]
[Black "Tetik, Muhammet"]
[Result "1-0"]
[WhiteElo "2144"]
[BlackElo "1418"]
[PlyCount "107"]
[EventDate "2017.09.05"]
[EventType "swiss"]
[EventRounds "9"]
[EventCountry "TUR"]
[SourceTitle "CBM 180 Extra"]
[Source "ChessBase"]
[SourceDate "2017.10.06"]
[SourceVersion "1"]
[SourceVersionDate "2017.10.06"]
[SourceQuality "1"]

1. d4 Nf6 2. c4 e6 3. Nf3 Bb4+ 4. Bd2 Qe7 5. g3 b6 6. Bg2 Bb7 7. 0-0 Bxd2 8. Qxd2 Ne4 9. Qc2 d5 10. Nc3 Nxc3 11. Qxc3 0-0 12. Rac1 dxc4 13. Qxc4 Rc8 14. Qd3 g6 15. Ne5 Bxg2 16. Kxg2 Rd8 17. Rc3 c5 18. Qe4 cxd4 19. Rc4 b5 20. Rxd4 Rxd4 21. Qxd4 Qb7+ 22. f3 Nc6 23. Qe4 Nd8 24. Qf4 Nc6 25. Ng4 h5 26. Nf6+ Kg7 27. Rc1 Rc8 28. Qg5 Kf8 29. Ne4 Qb6 30. Nd6 Rc7 31. Qxb5 Qxb5 32. Nxb5 Rb7 33. Nd6 Rc7 34. Kf2 Ke7 35. Ne4 f6 36. b4 f5 37. Ng5 a6 38. a3 Kd6 39. f4 Re7 40. Nf3 Re8 41. Nd2 Re7 42. e4 Re8 43. e5+ Kd7 44. Nc4 Rb8 45. Rd1+ Ke7 46. Rd6 Rc8 47. Nb6 Rc7 48. Na4 Nd8 49. Nc5 a5 50. Rxd8 Rxc5 51. bxc5 Kxd8 52. a4 Kc7 53. Ke3 Kc6 54. Kd4 1-0

[Event "Izmir op 16th"]
[Site "Izmir"]
[Date "2017.09.05"]
[Round "1"]
[White "Arici, Abdulvahap"]
[Black "Aytekin, Murat Eren"]
[Result "0-1"]
[WhiteElo "1247"]
[BlackElo "2144"]
[PlyCount "62"]
[EventDate "2017.09.05"]
[EventType "swiss"]
[EventRounds "9"]
[EventCountry "TUR"]
[SourceTitle "CBM 180 Extra"]
[Source "ChessBase"]
[SourceDate "2017.10.06"]
[SourceVersion "1"]
[SourceVersionDate "2017.10.06"]
[SourceQuality "1"]

1. d4 Nf6 2. c4 c5 3. e3 g6 4. Nc3 Bg7 5. Nf3 0-0 6. d5 d6 7. Be2 Na6 8. a3 Nc7 9. 0-0 a6 10. Qb3 Rb8 11. a4 b6 12. Rb1 Bf5 13. Ra1 Ne4 14. Nxe4 Bxe4 15. Ng5 Bf5 16. e4 Bd7 17. Rb1 h6 18. Nf3 b5 19. axb5 axb5 20. cxb5 Nxb5 21. Qc2 Qb6 22. b4 Nc3 23. Be3 Nxb1 24. Qxb1 Qxb4 25. Qxb4 cxb4 26. Rb1 Bg4 27. Nd4 Bxd4 28. Bxg4 Bxe3 29. fxe3 b3 30. Kf2 b2 31. Ke1 Rb4 0-1

[Event "TUR-chT 2nd League"]
[Site "Konya"]
[Date "2017.07.19"]
[Round "4.1"]
[White "Cannesar, Rad"]
[Black "Aytekin, Murat Eren"]
[Result "1/2-1/2"]
[WhiteElo "1979"]
[BlackElo "2201"]
[PlyCount "72"]
[EventDate "2017.07.17"]
[EventType "team-swiss"]
[EventRounds "9"]
[EventCountry "TUR"]
[SourceTitle "CBM 179 Extra"]
[Source "ChessBase"]
[SourceDate "2017.08.23"]
[SourceVersion "1"]
[SourceVersionDate "2017.08.23"]
[SourceQuality "1"]
[WhiteTeam "Istanbul Moda"]
[BlackTeam "Bulancak Ihsaniye Genclik"]
[WhiteTeamCountry "TUR"]
[BlackTeamCountry "TUR"]

1. e4 c5 2. Nf3 e6 3. d4 cxd4 4. Nxd4 a6 5. Nc3 b5 6. Bd3 Qb6 7. Nf3 Qc7 8. 0-0 Bb7 9. Re1 Nc6 10. a4 b4 11. Nb1 Nf6 12. e5 Ng4 13. Bf4 Bc5 14. Bg3 Qb6 15. Qe2 f5 16. h3 Nh6 17. Nbd2 Na5 18. Bf4 Nf7 19. Be3 0-0 20. Bxc5 Qxc5 21. Nb3 Nxb3 22. cxb3 Bxf3 23. gxf3 Qe7 24. Qf1 Qg5+ 25. Qg2 Qd2 26. Bc4 Qxb2 27. Rab1 Qd4 28. Rbd1 Qa7 29. f4 Kh8 30. h4 Rg8 31. Rd3 Rad8 32. Red1 g6 33. Kh2 h6 34. Rg3 Kh7 35. Rg1 Nh8 36. h5 Qd4 1/2-1/2

[Event "TUR-chT 2nd League"]
[Site "Konya"]
[Date "2017.07.18"]
[Round "3.4"]
[White "Aytekin, Murat Eren"]
[Black "Ilhan, Huseyin"]
[Result "0-1"]
[WhiteElo "2201"]
[BlackElo "1750"]
[PlyCount "86"]
[EventDate "2017.07.17"]
[EventType "team-swiss"]
[EventRounds "9"]
[EventCountry "TUR"]
[SourceTitle "CBM 179 Extra"]
[Source "ChessBase"]
[SourceDate "2017.08.23"]
[SourceVersion "1"]
[SourceVersionDate "2017.08.23"]
[SourceQuality "1"]
[WhiteTeam "Bulancak Ihsaniye Genclik"]
[BlackTeam "Konya Erkin"]
[WhiteTeamCountry "TUR"]
[BlackTeamCountry "TUR"]

1. d4 Nf6 2. c4 g6 3. Nc3 d5 4. cxd5 Nxd5 5. e4 Nxc3 6. bxc3 Bg7 7. Nf3 0-0 8. Be2 c5 9. Rb1 Nc6 10. d5 Bxc3+ 11. Bd2 Bxd2+ 12. Qxd2 Nd4 13. Nxd4 cxd4 14. Qxd4 Qa5+ 15. Qd2 Qxd2+ 16. Kxd2 Rd8 17. Ke3 b6 18. Rbc1 Kf8 19. Rc7 Bd7 20. Rhc1 Ke8 21. Ba6 Ba4 22. R1c3 Rd7 23. Kd4 Rxc7 24. Rxc7 Kd8 25. Rc3 Rb8 26. e5 Bd7 27. Bd3 a5 28. f4 b5 29. Rb3 Kc7 30. Kc5 b4 31. h3 h5 32. Bc4 Kd8 33. Ba6 Ba4 34. Rb2 b3 35. g3 Bd7 36. Bc4 a4 37. e6 Rc8+ 38. Kb4 fxe6 39. dxe6 Bc6 40. Bd3 Kc7 41. Bxg6 h4 42. f5 Kd6 43. Rd2+ Ke5 0-1

[Event "TUR-chT 2nd League"]
[Site "Konya"]
[Date "2017.07.18"]
[Round "2.4"]
[White "Demiroglu, Arsen"]
[Black "Aytekin, Murat Eren"]
[Result "1-0"]
[WhiteElo "1692"]
[BlackElo "2201"]
[PlyCount "63"]
[EventDate "2017.07.17"]
[EventType "team-swiss"]
[EventRounds "9"]
[EventCountry "TUR"]
[SourceTitle "CBM 179 Extra"]
[Source "ChessBase"]
[SourceDate "2017.08.23"]
[SourceVersion "1"]
[SourceVersionDate "2017.08.23"]
[SourceQuality "1"]
[WhiteTeam "Istanbul Sisli"]
[BlackTeam "Bulancak Ihsaniye Genclik"]
[WhiteTeamCountry "TUR"]
[BlackTeamCountry "TUR"]

1. d4 Nf6 2. c4 c5 3. d5 e6 4. Nc3 exd5 5. cxd5 d6 6. Nf3 g6 7. g3 Bg7 8. Bg2 0-0 9. 0-0 b6 10. Bf4 Ba6 11. Re1 b5 12. a4 b4 13. Nb5 Ne8 14. e4 Bxb5 15. axb5 Bxb2 16. Ra2 Bc3 17. Ree2 Nd7 18. e5 dxe5 19. Nxe5 Bxe5 20. Bxe5 Nxe5 21. Rxe5 Nd6 22. Ra6 Rb8 23. Rxa7 Nxb5 24. Rae7 c4 25. h4 b3 26. h5 Nc3 27. Qd4 b2 28. h6 b1Q+ 29. Re1 f6 30. Rg7+ Kh8 31. Qa7 Qxe1+ 32. Kh2 1-0

[Event "Veliko Gradiste Silver Lake op-A"]
[Site "Veliko Gradiste"]
[Date "2017.06.19"]
[Round "2"]
[White "Aytekin, Murat Eren"]
[Black "Kosanovic, Goran A"]
[Result "0-1"]
[WhiteElo "2063"]
[BlackElo "2394"]
[PlyCount "46"]
[EventDate "2017.06.18"]
[EventType "swiss"]
[EventRounds "9"]
[EventCountry "SRB"]
[SourceTitle "EXT 2018"]
[Source "ChessBase"]
[SourceDate "2017.10.13"]
[SourceVersion "1"]
[SourceVersionDate "2017.10.13"]
[SourceQuality "1"]

1. d4 c5 2. d5 e5 3. c4 d6 4. e4 Be7 5. Nf3 Nf6 6. Nc3 0-0 7. h3 Nbd7 8. Bd3 Ne8 9. Be3 g6 10. g4 Ng7 11. Qc2 a6 12. a3 Nf6 13. Rg1 Bd7 14. b4 b6 15. Kd2 Kh8 16. Rab1 Ng8 17. bxc5 bxc5 18. Ke2 f5 19. Na4 Rb8 20. Rxb8 Qxb8 21. Rb1 Qe8 22. Nb6 fxg4 23. Nxd7 gxf3+ 0-1

[Event "EU-ch Amateur U2300"]
[Site "Nis"]
[Date "2017.06.14"]
[Round "6"]
[White "Arandjelovic, Aleksandar Z"]
[Black "Aytekin, Murat Eren"]
[Result "1-0"]
[WhiteElo "2067"]
[BlackElo "2063"]
[PlyCount "91"]
[EventDate "2017.06.10"]
[EventType "swiss"]
[EventRounds "9"]
[EventCountry "SRB"]
[SourceTitle "EXT 2018"]
[Source "ChessBase"]
[SourceDate "2017.10.13"]
[SourceVersion "1"]
[SourceVersionDate "2017.10.13"]
[SourceQuality "1"]

1. e4 c5 2. Nc3 a6 3. g3 b5 4. Bg2 Bb7 5. d3 e6 6. Nh3 Nf6 7. 0-0 d6 8. Be3 Nbd7 9. f4 Be7 10. Qe2 h5 11. Nf2 Qc7 12. Rae1 Nb6 13. Nb1 e5 14. c3 Rc8 15. h3 Nfd7 16. Nd2 Bf6 17. Nf3 h4 18. gxh4 exf4 19. Bxf4 Ne5 20. Bg5 Nbd7 21. Ng4 Ng6 22. Qf2 Bxg5 23. Nxg5 Nde5 24. Qg3 0-0 25. h5 Qe7 26. hxg6 Qxg5 27. gxf7+ Rxf7 28. Rxf7 Nxf7 29. h4 Qe7 30. Rf1 Rf8 31. d4 cxd4 32. cxd4 Kh8 33. Rf5 Nh6 34. Nxh6 gxh6 35. Qf4 Rxf5 36. Qxh6+ Kg8 37. Qg6+ Kh8 38. Qh6+ Kg8 39. exf5 Bxg2 40. Qg6+ Kf8 41. f6 Qe1+ 42. Kxg2 Qe2+ 43. Kg3 Qe3+ 44. Kg4 Qxd4+ 45. Kh5 Qa7 46. Kh6 1-0

[Event "Ordu op-B 3rd"]
[Site "Ordu"]
[Date "2017.04.08"]
[Round "5"]
[White "Aytekin, Murat Eren"]
[Black "Donmez, Yusuf"]
[Result "1/2-1/2"]
[WhiteElo "2026"]
[BlackElo "2014"]
[PlyCount "104"]
[EventDate "2017.04.06"]
[EventType "swiss"]
[EventRounds "7"]
[EventCountry "TUR"]
[SourceTitle "EXT 2018"]
[Source "ChessBase"]
[SourceDate "2017.10.13"]
[SourceVersion "1"]
[SourceVersionDate "2017.10.13"]
[SourceQuality "1"]

1. d4 Nf6 2. c4 g6 3. Nc3 Bg7 4. e4 d6 5. f3 0-0 6. Be3 c5 7. Nge2 Nc6 8. d5 Na5 9. Ng3 a6 10. Be2 e6 11. a4 exd5 12. cxd5 Re8 13. 0-0 Nd7 14. Qc2 Qb6 15. Rab1 Bd4 16. Bf2 c4 17. Bxd4 Qxd4+ 18. Kh1 h5 19. Rfd1 Qf2 20. e5 Rxe5 21. Nce4 Qb6 22. Bxc4 Nxc4 23. Qxc4 h4 24. Nf1 h3 25. Qd4 hxg2+ 26. Kxg2 Qd8 27. f4 Rxe4 28. Qxe4 Nf6 29. Qd4 Bf5 30. Rbc1 Be4+ 31. Kg1 Bxd5 32. Rd2 Be6 33. Qxd6 Qa5 34. Qe5 Nd5 35. Rcd1 Qb6+ 36. Qd4 a5 37. Qxb6 Nxb6 38. Rd8+ Rxd8 39. Rxd8+ Kg7 40. Rb8 Nxa4 41. Rxb7 Nc5 42. Rb5 Nd3 43. Ne3 a4 44. Nd5 Nxb2 45. Rxb2 Bxd5 46. Rb5 Bb3 47. Ra5 Kf6 48. Kf2 Ke6 49. Ke3 Kd6 50. Kd4 Ke6 51. h4 Kf6 52. Ke3 Bc2 1/2-1/2